Nación, sociedad y utopía en el romanticismo mexicano /

保存先:
書誌詳細
第一著者: Illades, Carlos (autor)
フォーマット: 図書
言語:スペイン語
出版事項: México : CONACULTA, 2005, c2005
シリーズ:(Sello Bermejo)
主題:
タグ: タグ追加
タグなし, このレコードへの初めてのタグを付けませんか!

MARC

LEADER 00000nam^a2200000^a^4500
001 000187327
005 20250521000000.0
009 20260310102258.049
020 |a 970-35-0796-4 
037 |a Acervo ITESO - Biblioteca 
041 |a ESP 
082 |a 860. 972  |b ILL 
100 |a Illades, Carlos  |e (autor) 
245 1 0 |a Nación, sociedad y utopía en el romanticismo mexicano /  |c C. Illades. 
264 4 |a México :  |b CONACULTA,  |c 2005, c2005 
300 |a 193 p. 
336 |a texto  |b txt  |2 rdacontenido 
337 |a sin mediación  |b n  |2 rdamedio 
338 |a volumen  |b nc  |2 rdasoporte 
440 1 |a (Sello Bermejo) 
649 |a XX 
650 |a Identidad Cultural -  |z México -  |x Historia -  |y Siglo XIX 
650 |a Identidad Nacional -  |z México -  |x Historia -  |y Siglo XIX 
650 |a Narración (Retórica) -  |x Historia y Crítica 
650 |a Utopía en la Literatura -  |z México 
650 |a Nacionalismo en la Literatura -  |z México 
650 |a Romanticismo (Literatura) -  |z México 
650 |a Romanticismo (Literatura) -  |x Historia y Crítica 
650 |a Corrientes y Estilos Artísticos -  |z México -  |x Historia y Crítica 
650 |a Literatura y Sociedad -  |z México 
650 |a Literatura e Historia -  |z México 
650 |a Literatura Mexicana -  |y Siglo XIX 
650 |a Literatura Mexicana -  |x Historia y Crítica 
910 |a Fondo General 
920 |a Impresos - Libros 
930 |a Colección General 
940 |a Literatura 
905 |a 101 
901 |a 0500129376  |b IT1  |c LIT  |u 20250521 
902 |a https://opac.biblio.iteso.mx/vufind/Record/000187327